000 00302nam a2200121Ia 4500
008 241028s9999 xx 000 0 und d
041 _aeng
082 _a658.8340 SAU
100 _aSauro
245 _aCustomer Analytics For Dummies
260 _bWiley India
_aNew Delhi
_c2015
300 _a324;. P. 23 cm
999 _c43039
_d43039